000 00467nam a2200205Ia 4500
003 0100
008 130303s9999 xx 000 0 und d
020 _a0140511067
040 _cARRUPELIB
050 _aBL31.P38 1984
245 4 _aThe Penguin Dictionary of Religions
260 _aMiddlesex
260 _bPenguin Books
260 _C1984
300 _a550p.
300 _b 22cm
650 _aRELIGION
700 _aHinnells, John R. (ed.)
942 0 0 _03
999 _c15998
_d15998